Cẩm nang tư duy phản biện cho trẻ em : Để giúp bạn tư duy ngày càng tốt hơn = The miniature guide to critical thinking for children
Nêu lên những ý tưởng giúp cho trẻ em trở thành một người tư duy tốt.
Gorde:
| Egile nagusia: | |
|---|---|
| Formatua: | Liburua |
| Hizkuntza: | Undetermined |
| Argitaratua: |
Thành phố Hồ Chí Minh
Tổng hợp Thành phố Hồ Chí Minh
2016
|
| Gaiak: | |
| Etiketak: |
Etiketa erantsi
Etiketarik gabe, Izan zaitez lehena erregistro honi etiketa jartzen!
|
| Thư viện lưu trữ: | Trung tâm Học liệu Trường Đại học Cần Thơ |
|---|
| LEADER | 00946nam a2200217Ia 4500 | ||
|---|---|---|---|
| 001 | CTU_222872 | ||
| 008 | 210402s9999 xx 000 0 und d | ||
| 020 | |c 18000 | ||
| 082 | |a 160 | ||
| 082 | |b E37 | ||
| 100 | |a Elder, Linda | ||
| 245 | 0 | |a Cẩm nang tư duy phản biện cho trẻ em : | |
| 245 | 0 | |b Để giúp bạn tư duy ngày càng tốt hơn = The miniature guide to critical thinking for children | |
| 245 | 0 | |c Linda Elder ; Hoàng Nguyễn Đăng Sơn (Chuyển ngữ) ; Bùi Văn Nam Sơn (Hiệu đính) | |
| 260 | |a Thành phố Hồ Chí Minh | ||
| 260 | |b Tổng hợp Thành phố Hồ Chí Minh | ||
| 260 | |c 2016 | ||
| 520 | |a Nêu lên những ý tưởng giúp cho trẻ em trở thành một người tư duy tốt. | ||
| 650 | |a Critical thinking,Tư duy phê phán | ||
| 904 | |i Hải | ||
| 980 | |a Trung tâm Học liệu Trường Đại học Cần Thơ | ||